00423nam a2200169Ia 4500008004100000020001800041245002800059245005000087260001500137260001600152260000900168300001400177300002500191300001000216500000800226999001900234170705s9999 xx 000 0 und d a9780545425100 aDream big little pig! / cKristi Yamaguchi ; illustrated by Tim Bowers. aNew York : bScholastic, c2011 aunpaged : bcolor illustration ; c24cm. a590 c335904d335904